000 00504cam a22002054a 4500
005 20250605164321.0
008 250528s ||||||||||||||||||||||||d
035 _a22928
020 _a9780072518740
040 _aGR-AtMCL
_bgre
_dGR-AtMCL
_eAACR2
245 1 _aPROGRAMMING IN VISUAL BASIC 6.0
250 _a1
260 _bMcgraw Hill,
_c2002
300 _a694
700 1 _aBradley Case Julia
_94471
700 1 _aMillspaugh Anita C
_94472
942 _cBK
999 _c7971
_d7971